| 000 | 02746nam a2200481 a 4500 | ||
|---|---|---|---|
| 999 |
_c437991 _d437991 |
||
| 003 | BLK | ||
| 005 | 20241216112109.0 | ||
| 008 | 180411b bul|||||r ||||||| ||bul|| | ||
| 010 | _aKNG00203632000 | ||
| 020 | _a9789545331909 | ||
| 040 | _aBLK | ||
| 041 |
_aBUL _cBUL |
||
| 072 | 7 |
_2bullib _aН8400 _xБългарска поезия Н |
|
| 080 |
_aБългарска литература(изследвания) _b821.163.2.09 _x(092) _z821.163.2.09(092) |
||
| 100 |
_aДойнов, Пламен Иванов _9369012 |
||
| 139 |
_aДойнов, Пламен Иванов _bД 71 |
||
| 245 | 1 | 0 |
_aЛиния на разполовяване _bОсем персонални случая в литературата на НРБ _cПламен Дойнов ; ред. кол. Пламен Дойнов ... [и др.] |
| 257 | _aBGR | ||
| 260 |
_aСофия _bКралица МАБ _c2020 _fСофия : Артграф |
||
| 300 |
_a409 с. _c20 см |
||
| 380 | _a82 | ||
| 500 | _aИзд. на НБУ. Департамент "Нова българистика". - Други ред.: Михаил Неделчев, Йордан Ефтимов, Морис Фадел, Николай Аретов. - Биогр. данни за авт. отбелязани на гърба на кор. Рец.: Амелия Личева, Морис Фадел Библиогр.: с. 397-408 | ||
| 600 | 0 |
_9262224 _aПетканов, Константин Николов |
|
| 600 | 0 |
_9248170 _aБешков, Илия |
|
| 600 | 1 | 4 |
_aРазцветников, Асен _d1897 - 1951 _qКоларов, Асен Петков _9114515 |
| 600 | 0 |
_aГабе, Дора Петрова _gПоетеса и писателка. Преводачка от полски език. _d1886-1983 _qГабе, Изидора Петрова _9369524 |
|
| 600 | 0 |
_9244167 _aБагряна, Елисавета |
|
| 600 | 0 |
_9243656 _aПейчев, Иван Петров |
|
| 600 | 0 |
_9365150 _aГеров, Александър Цветков |
|
| 600 | 0 |
_aСтанев, Емилиян _qСтанев, Никола Стоянов _d1907-1979 _9363786 |
|
| 650 | 0 |
_aПисатели, български - биографии _9243085 |
|
| 650 | 0 |
_9287087 _aКултура, социалистическа |
|
| 653 | 7 |
_aбиографии _9181990 |
|
| 700 |
_aНеделчев, Михаил Димитров _eред. кол. _91327 |
||
| 700 |
_aЕфтимов, Йордан Симеонов _eред. кол. _91327 |
||
| 700 |
_aФадел, Морис Наме _eред. кол. _91327 |
||
| 700 |
_aАретов, Николай Аретов _eред. кол. _91327 |
||
| 856 | 4 | _qpdf | |
| 856 | 4 | _qpdf | |
| 942 |
_cKNG _n0 _05 _s1 |
||
| 944 |
_k30550 _lКети Илиева |
||
| 999 | _d437991 | ||